00573nam a2200181Ia 450000500170000000800410001702000150005808200130007310000140008624500380010025000080013826000500014630000160019650000610021294200060027395200970027999900150037620250519014945.0240331s9999 xx 000 0 und d a9559102338 bBHAa305 aBhasin, K 0aPenn Entral Enna? Aan Entral Enna a3rd aColombobSocial Scientists Associataionc2006 aiv, 49 p ., aSinhala and translation of What is Girl ? What is a Boy? cL 001040708LaWERCLbWERCLcSSCd2024-03-31l0o 305.3 BHAp4301r2024-03-31w2024-03-31yL c4387d4387